Portugal Immigration By Country - Statistics

General Stats
  • This quiz has been taken 37 times
  • The average score is 19 of 25
Answer Stats
Total Country % Correct
486,750 Brazil
100%
29,500 France
96%
103,500 India
96%
40,300 Italy
96%
22,130 Spain
96%
57,200 United Kingdom
96%
95,600 Angola
93%
33,450 China
93%
24,800 Germany
89%
20,190 United States
89%
19,100 Mozambique
82%
15,730 Russia
82%
80,200 Ukraine
82%
77,800 Cape Verde
75%
18,340 Morocco
75%
60,900 Pakistan
75%
25,980 Algeria
71%
25,740 Romania
68%
67,500 Bangladesh
64%
23,680 Venezuela
61%
13,450 Colombia
54%
39,670 São Tomé and Príncipe
54%
69,350 Nepal
50%
12,200 Moldova
43%
48,920 Guiné-Bissau
14%
No matching quizzes found
Score Distribution
Percent of People with Each Score
Percentile by Number Answered
Your Score History
You have not taken this quiz